000 00614nam a2200205Ia 4500
003 GCL
008 140319s9999 xx 000 0 ara d
040 _aGCL /
_cGCL
082 0 4 _a914
_bح ج
100 1 _aحسن عبدالعزيز احمد
245 1 0 _aجغرافية اوروبا: دراسة موضوعية /
_cحسن عبدالعزيز احمد
260 _a[S.N] :
_bدار المريخ للنشر ،
_c1982
300 _a530 ص
490 _a
650 0 4 _aالجغرافيا الطبيعية
650 0 4 _aالجغرافيا
650 0 4 _aالمناخ
650 0 4 _aاوربا
942 _2ddc
_cBK
999 _c50280
_d50280